Normale Ansicht MARC-Ansicht ISBD

What is dance? (Titelsatznr. 66361)

[ MARC ]
MARC-Details
000 -Satzkennung
Kontrollfeld mit fester Länge 01160nad a2200325 a 4500
001 - Kontrollnummer
Kontrollfeld MIU01000000000000012838911
003 - Kontrollnummer Identifier
Kontrollfeld MiU
005 - Datum und Zeit der letzten Transaktion
Kontrollfeld 20231010141235.0
007 - Feld mit fester Länge zur physischen Beschreibung - Allgemeine Information
Kontrollfeld mit fester Länge cr mnummmmuuuu
008 - Feld mit fester Länge zur physischen Beschreibung - Allgemeine Angaben
Kontrollfeld mit fester Länge 880715s1983 enka sb 001 0 eng d
024 7# - Anderer Standardidentifier
Standardnummer oder Code 2027/heb05781
Quelle der Nummer oder des Codes hdl
040 ## - Katalogisierungsquelle
Original-Katalogisierungsstelle NyNyACL
Übertragungsstelle NyNyACL
090 ## - LOCALLY ASSIGNED LC-TYPE CALL NUMBER (OCLC); LOCAL CALL NUMBER (RLIN)
Notation (OCLC) (R) ; Notation, CALL (RLIN) (NR) GV1599
Local cutter number (OCLC) ; Book number/undivided call number, CALL (RLIN) (INTERNET)
041 ## - Sprachcode
Sprachcode des Textes/der Tonspur oder des separaten Titels eng
245 00 - Titel
Titel What is dance?
Medium [electronic resource] :
Zusatz zum Titel readings in theory and criticism /
Verfasserangabe etc. Roger Copeland, Marshall Cohen.
264 ## - Produktion, Veröffentlichung, Distribution, Herstellung und Urheberrechtsvermerk
Herstellungs-, Veröffentlichungs- Vertriebs-, Erzeugungsort Oxford [U.K.] ;
Produzent, Herausgeber, Distributor, Hersteller Oxford University Press,
Datum der Herstellung, der Veröffentlichung, des Vertriebs oder des Urheberschutzvermerks 1983.
300 ## - Physische Beschreibung
Umfang xvi, 582 p. :
Andere physische Details ill. ;
Maße 21 cm.
336 ## - Inhaltstyp
Quelle rdacontent
Inhaltstypcode txt
Inhaltstypterm Text
337 ## - Medientyp
Quelle rdamedia
Medientypcode bc
Bezeichnung des Medientyps Computermedien
338 ## - Datenträgertyp
Quelle rdacarrier
Datenträgertypcode cr
Datenträgertypbezeichnung Online Ressource
504 ## - Fußnote zu Literaturverzeichnissen usw.
Fußnote zu Bibliographien usw. Includes bibliographical references and index.
500 ## - Allgemeine Fußnote
Allgemeine Fußnote E-Book-ACLS / Zugriff nur im DHI-Lesesaal
500 ## - Allgemeine Fußnote
Allgemeine Fußnote American Council of Learned Societies/ https://www.humanitiesebook.org/about/
653 ## - Indexierungsterm - Nicht normiert
Nicht-normierter Term Dance.
700 1# - Nebeneintragung - Personenname
Personenname Copeland, Roger.
Koha-Normdatenidentnummer 41794
700 1# - Nebeneintragung - Personenname
Personenname Cohen, Marshall.
Koha-Normdatenidentnummer 41795
830 #0 - Nebeneintragung unter dem Gesamttitel - Einheitstitel
Einheitstitel ACLS Humanities E-Book.
Koha-Normdatenidentnummer 41796
856 40 - Elektronische Adresse und Zugriff
OPAC-Notiz Volltext
URL <a href="https://hdl.handle.net/2027/heb05781">https://hdl.handle.net/2027/heb05781</a>
942 ## - Zusätzliche Felder (Koha)
Koha-Medientyp E-Books
Exemplare
Ausgeschieden Verloren Beschädigt Nicht entleihbar Heimatbibliothek Aufenthaltsbibliothek Aufstellungsort Erwerbungsdatum Inventarnummer Signatur Barcode Letzte Aktivität Preis gültig von Koha-Medientyp
        MWN Osteuropa MWN Osteuropa Online-Ressource 10/10/2023 23-e0ACLS E-23-e0ACLS 69196 10/10/2023 10/10/2023 E-Books